Loading...
| Current Events | 2 | 25.00 | 100% | 100% | 50% |
| Fine Arts - Classical Music | 6 | 30.00 | 100% | 100% | 100% |
| Fine Arts - Other Fine Arts | 8 | 18.75 | 100% | 63% | 25% |
| Fine Arts - Painting and Sculpture | 10 | 24.00 | 100% | 80% | 60% |
| Geography | 2 | 20.00 | 100% | 50% | 50% |
| History - American History | 7 | 22.86 | 100% | 100% | 29% |
| History - European History | 7 | 21.43 | 100% | 100% | 14% |
| History - Other History | 10 | 21.00 | 100% | 90% | 20% |
| History - World History | 7 | 24.29 | 100% | 86% | 57% |
| Literature - American Literature | 8 | 21.25 | 100% | 75% | 38% |
| Literature - British Literature | 5 | 18.00 | 100% | 80% | 0% |
| Literature - European Literature | 6 | 23.33 | 100% | 100% | 33% |
| Literature - World Literature | 8 | 20.00 | 100% | 88% | 13% |
| Mythology | 7 | 22.86 | 100% | 86% | 43% |
| Other Academic | 3 | 23.33 | 100% | 100% | 33% |
| Philosophy | 7 | 22.86 | 100% | 100% | 29% |
| Pop Culture | 2 | 20.00 | 100% | 100% | 0% |
| Religion | 9 | 18.89 | 100% | 67% | 22% |
| Science - Biology | 10 | 15.00 | 100% | 50% | 0% |
| Science - Chemistry | 10 | 17.00 | 90% | 60% | 20% |
| Science - Other Science | 5 | 24.00 | 100% | 100% | 40% |
| Science - Physics | 8 | 21.25 | 100% | 88% | 25% |
| Social Science | 10 | 20.00 | 100% | 70% | 30% |